Contemporary political philosophy: an anthology (Record no. 4601)

MARC details
000 -LEADER
fixed length control field 00482nam a2200181Ia 4500
020 ## - INTERNATIONAL STANDARD BOOK NUMBER
ISBN 1-4051-3066-4
082 ## - DEWEY DECIMAL CLASSIFICATION NUMBER
Classification number 320.01 CON-
245 #0 - TITLE STATEMENT
Title Contemporary political philosophy: an anthology
250 ## - EDITION STATEMENT
Edition statement 2nd
260 ## - PUBLICATION, DISTRIBUTION, ETC. (IMPRINT)
Place of publication Malden
Name of publisher Blackwell Publishing
Year of publication 2006
300 ## - PHYSICAL DESCRIPTION
Number of Pages xiv, 754
440 ## - SERIES STATEMENT/ADDED ENTRY--TITLE
Title Blackwell philosophy anthologies
504 ## - BIBLIOGRAPHY, ETC. NOTE
Bibliography, etc includes index
650 ## - SUBJECT ADDED ENTRY--TOPICAL TERM
Topical Term Political science
Form subdivision Philosophy
700 ## - ADDED ENTRY--PERSONAL NAME
Personal name Pettit, Philip
700 ## - ADDED ENTRY--PERSONAL NAME
Personal name Goodin, Robert E.
942 ## - ADDED ENTRY ELEMENTS (KOHA)
Koha item type Books
Holdings
Withdrawn status Lost status Damaged status Not for loan Home library Current library Date acquired Source of acquisition Bill Date Full call number Accession Number Price effective from Koha item type
        NASSDOC Library NASSDOC Library 16/02/2006 SEGM 2006-01-04 320.01 CON- 41317 18/04/2019 Books